[Event "POL-chT 1st League"]
[Site "Poronin"]
[Date "2016.09.08"]
[Round "6.1"]
[White "Stopa, Jacek"]
[Black "Stryjecki, Marek"]
[Result "1-0"]
[WhiteElo "2455"]
[BlackElo "2427"]
[PlyCount "85"]
[EventDate "2016.09.03"]
[EventType "team-tourn"]
[EventRounds "9"]
[EventCountry "POL"]
[SourceTitle "CBM 174 Extra"]
[Source "ChessBase"]
[SourceDate "2016.10.10"]
[SourceVersion "1"]
[SourceVersionDate "2016.10.10"]
[SourceQuality "1"]
[WhiteTeam "Kopernik WKS"]
[BlackTeam "Raciborz Silesia"]
[WhiteTeamCountry "POL"]
[BlackTeamCountry "POL"]

1. d4 g6 2. e4 Bg7 3. c4 d6 4. Nc3 e5 5. Nf3 Nc6 6. Bg5 f6 7. Be3 Nh6 8. h3 0-0 9. c5 exd4 10. Nxd4 Nxd4 11. Bxd4 Be6 12. Be2 c6 13. 0-0 Re8 14. f4 dxc5 15. Bxc5 f5 16. e5 Nf7 17. Qe1 Bh6 18. Qf2 b6 19. Be3 Qe7 20. g3 Qb4 21. Bf3 Rac8 22. Rfe1 g5 23. a3 Qb3 24. Kh2 Bg7 25. Rac1 Red8 26. Bd1 Qc4 27. Be2 Qb3 28. Bd1 Qc4 29. Ne2 Qa2 30. Nd4 c5 31. Nxe6 Qxe6 32. b3 Rxd1 33. Rcxd1 Qxb3 34. Rd7 a6 35. Qe2 Qe6 36. Red1 b5 37. Ra7 gxf4 38. gxf4 Nxe5 39. fxe5 Bxe5+ 40. Kh1 f4 41. Qg2+ Kh8 42. Bxf4 Rg8 43. Qxg8+ 1-0

[Event "POL-chT"]
[Site "Poland"]
[Date "2015.09.05"]
[Round "5.4"]
[White "Mista, Aleksander"]
[Black "Stryjecki, Marek"]
[Result "1/2-1/2"]
[WhiteElo "2556"]
[BlackElo "2425"]
[PlyCount "87"]
[EventDate "2015.05.08"]
[EventType "team-tourn"]
[EventRounds "9"]
[EventCountry "POL"]
[SourceTitle "EXT 2016"]
[Source "ChessBase"]
[SourceDate "2015.10.08"]
[SourceVersion "1"]
[SourceVersionDate "2015.10.08"]
[SourceQuality "1"]
[WhiteTeam "Grudziadz Rotmistrz"]
[BlackTeam "Raciborz Silesia "]
[WhiteTeamCountry "POL"]
[BlackTeamCountry "POL"]

1. e4 g6 2. d4 Bg7 3. Nc3 a6 4. Be3 b5 5. g4 Bb7 6. Bg2 d6 7. h4 h5 8. gxh5 Rxh5 9. Bf3 Rh8 10. h5 gxh5 11. e5 Nc6 12. Rxh5 dxe5 13. Rxh8 Bxh8 14. Bxc6+ Bxc6 15. Qh5 Bg7 16. dxe5 Qd7 17. Nh3 Qe6 18. Ng5 Qf5 19. f4 Nh6 20. 0-0-0 Qg4 21. Qh2 Qg2 22. Qh4 Qg4 23. Qf2 Qg2 24. Qxg2 Bxg2 25. Bc5 Bc6 26. Rg1 Nf5 27. e6 f6 28. Nge4 Kf8 29. b3 Rd8 30. Kb2 b4 31. Bxb4 Bxe4 32. Nxe4 Rd4 33. Nc5 Rxb4 34. c4 Kg8 35. Nxa6 Rb6 36. Nxc7 Rc6 37. Ne8 Rxe6 38. a4 Kf7 39. Nxg7 Nxg7 40. a5 Nf5 41. b4 Ke8 42. b5 Kd7 43. c5 Re2+ 44. Kc3 1/2-1/2

[Event "POL-chT"]
[Site "Poland"]
[Date "2015.05.09"]
[Round "2.1"]
[White "Stryjecki, Marek"]
[Black "Lubczynski, Rafal"]
[Result "0-1"]
[WhiteElo "2425"]
[BlackElo "2431"]
[PlyCount "76"]
[EventDate "2015.05.08"]
[EventType "team-tourn"]
[EventRounds "9"]
[EventCountry "POL"]
[SourceTitle "CBM 166 Extra"]
[Source "ChessBase"]
[SourceDate "2015.06.18"]
[SourceVersion "1"]
[SourceVersionDate "2015.06.18"]
[SourceQuality "1"]
[WhiteTeam "Raciborz Silesia "]
[BlackTeam "Chrobry Gniezno "]
[WhiteTeamCountry "POL"]
[BlackTeamCountry "POL"]

1. c4 c6 2. Nf3 d5 3. e3 Nf6 4. Nc3 g6 5. Be2 Bg7 6. 0-0 0-0 7. d4 Nbd7 8. b4 dxc4 9. Bxc4 Qc7 10. Bb2 e5 11. Rc1 exd4 12. Nb5 Qd8 13. Nbxd4 a5 14. bxa5 Rxa5 15. Qe2 Qe7 16. Rfd1 Ne4 17. Nb3 Ra8 18. Bxg7 Kxg7 19. Nbd2 Nec5 20. Nb3 Na4 21. Nbd4 Ndb6 22. Bb3 Rd8 23. h3 Nd5 24. Qc2 Ndc3 25. Re1 Qf6 26. Nd2 Rxd4 27. exd4 Bf5 28. Ne4 Bxe4 29. Rxe4 Nxe4 30. Qxe4 Ra5 31. Qe1 Ra8 32. Qb4 b5 33. Re1 Rd8 34. Re7 c5 35. Qxb5 Qxe7 36. Bxa4 cxd4 37. Bc2 Rc8 38. Qb1 Qe2 0-1

[Event "POL-chT1"]
[Site "Poronin"]
[Date "2014.08.31"]
[Round "1.3"]
[White "Stryjecki, Marek"]
[Black "Chojnacki, Krzysztof"]
[Result "1/2-1/2"]
[WhiteElo "2428"]
[BlackElo "2385"]
[PlyCount "93"]
[EventDate "2014.08.31"]
[EventType "team-tourn"]
[EventRounds "9"]
[EventCountry "POL"]
[SourceTitle "CBM 162 Extra"]
[Source "ChessBase"]
[SourceDate "2014.10.17"]
[SourceVersion "1"]
[SourceVersionDate "2014.10.17"]
[SourceQuality "1"]
[WhiteTeam "Raciborz Silesia"]
[BlackTeam "Gniezno LKS Chrobry"]
[WhiteTeamCountry "POL"]
[BlackTeamCountry "POL"]

1. g3 Nf6 2. Bg2 g6 3. e4 d6 4. d4 Bg7 5. Ne2 0-0 6. 0-0 e5 7. h3 Nc6 8. d5 Ne7 9. Bg5 h6 10. Be3 Nd7 11. Qd2 Kh7 12. Nbc3 f5 13. Rae1 fxe4 14. g4 Nf6 15. Ng3 c6 16. Bxe4 cxd5 17. Nxd5 Nexd5 18. Bxd5 Nxd5 19. Qxd5 Qe7 20. Rd1 Rd8 21. Bc5 Bxg4 22. hxg4 dxc5 23. Qf3 Rd4 24. Ne4 Rf8 25. Qe2 Rf4 26. f3 h5 27. Rxd4 exd4 28. Qh2 Be5 29. Qh3 Kg7 30. gxh5 Rh4 31. Qg2 Bh2+ 32. Kf2 Rxh5 33. Rh1 Qe5 34. Qg4 Kh6 35. Qc8 d3 36. Qf8+ Qg7 37. Qxg7+ Kxg7 38. cxd3 b6 39. b3 Bf4 40. Rxh5 gxh5 41. Nc3 Kf6 42. Ne2 Kf5 43. Kg2 Be5 44. Kh3 Kg5 45. Kg2 Kf5 46. Kh3 Kg5 47. Kg2 1/2-1/2

[Event "POL-chT2"]
[Site "Poronin"]
[Date "2013.09.12"]
[Round "6.7"]
[White "Butkiewicz, Lukasz"]
[Black "Stryjecki, Marek"]
[Result "1-0"]
[WhiteElo "2435"]
[BlackElo "2422"]
[PlyCount "77"]
[EventDate "2013.09.06"]
[EventType "team-swiss"]
[EventRounds "9"]
[EventCountry "POL"]
[SourceTitle "EXT 2015"]
[Source "ChessBase"]
[SourceDate "2014.11.20"]
[SourceVersion "1"]
[SourceVersionDate "2014.11.20"]
[SourceQuality "1"]
[WhiteTeam "Wisznia Mala OKSiR"]
[BlackTeam "Raciborz KSz Silesia"]
[WhiteTeamCountry "POL"]
[BlackTeamCountry "POL"]

1. e4 g6 2. d4 Bg7 3. Nc3 a6 4. f4 b5 5. Nf3 Bb7 6. Bd3 Nf6 7. e5 Nd5 8. Nxd5 Bxd5 9. 0-0 Nc6 10. c3 0-0 11. f5 d6 12. e6 gxf5 13. exf7+ Bxf7 14. Bxf5 e6 15. Bxh7+ Kxh7 16. Ng5+ Kg8 17. Qd3 Bg6 18. Rxf8+ Qxf8 19. Qxg6 Qf5 20. Qxe6+ Qxe6 21. Nxe6 Re8 22. Nxg7 Kxg7 23. Kf2 b4 24. Bd2 bxc3 25. Bxc3 Ne7 26. g4 Nd5 27. Re1 Rf8+ 28. Kg3 Kg6 29. h4 a5 30. h5+ Kg7 31. g5 a4 32. a3 Rh8 33. Kg4 Rf8 34. Bd2 Rf2 35. Bc1 Rh2 36. Rf1 Re2 37. Rh1 Re8 38. g6 Nf6+ 39. Kf5 1-0

[Event "POL-chT 1st League"]
[Site "Katowice"]
[Date "2010.09.10"]
[Round "7"]
[White "Stryjecki, Marek"]
[Black "Jedynak, Radoslaw"]
[Result "1-0"]
[WhiteElo "2422"]
[BlackElo "2492"]
[PlyCount "89"]
[EventDate "2010.09.04"]
[EventType "team-tourn"]
[EventRounds "9"]
[EventCountry "POL"]
[SourceTitle "EXT 2019"]
[Source "ChessBase"]
[SourceDate "2018.10.10"]
[SourceVersion "1"]
[SourceVersionDate "2018.10.10"]
[SourceQuality "1"]
[WhiteTeam "Raciborz Silesia"]
[BlackTeam "Pultusk Nadnarwianka"]
[WhiteTeamCountry "POL"]
[BlackTeamCountry "POL"]

1. g3 Nf6 2. Bg2 d5 3. Nf3 c6 4. 0-0 Bg4 5. d3 Nbd7 6. c4 e6 7. cxd5 exd5 8. h3 Bxf3 9. Bxf3 Bd6 10. Bg2 0-0 11. e3 Re8 12. Nc3 Qc7 13. Bd2 Nc5 14. Qc2 Qb6 15. b4 Ne6 16. Na4 Qc7 17. Rac1 Qe7 18. Qb3 a6 19. Rfe1 Nd7 20. a3 h5 21. e4 dxe4 22. dxe4 Bc7 23. f4 b5 24. Nc3 h4 25. Be3 hxg3 26. e5 Bb6 27. Ne2 Rac8 28. Rxc6 Bxe3+ 29. Qxe3 Rxc6 30. Bxc6 Rc8 31. Bxd7 Qxd7 32. f5 Nf8 33. Nxg3 g6 34. Ne4 Qxf5 35. Rf1 Qe6 36. Ng5 Qd5 37. Rxf7 Ne6 38. Rf2 Rf8 39. Rxf8+ Nxf8 40. e6 Qd1+ 41. Kf2 Qc2+ 42. Kg3 Qc7+ 43. Qf4 Qe7 44. Qf7+ Qxf7 45. exf7+ 1-0

[Event "POL-chT 1st League"]
[Site "Katowice"]
[Date "2010.09.05"]
[Round "2"]
[White "Gritsak, Orest"]
[Black "Stryjecki, Marek"]
[Result "1-0"]
[WhiteElo "2521"]
[BlackElo "2422"]
[PlyCount "97"]
[EventDate "2010.09.04"]
[EventType "team-tourn"]
[EventRounds "9"]
[EventCountry "POL"]
[SourceTitle "EXT 2019"]
[Source "ChessBase"]
[SourceDate "2018.10.10"]
[SourceVersion "1"]
[SourceVersionDate "2018.10.10"]
[SourceQuality "1"]
[WhiteTeam "Lublin Drakon SKOK Chmielewskiego"]
[BlackTeam "Raciborz Silesia"]
[WhiteTeamCountry "POL"]
[BlackTeamCountry "POL"]

1. d4 g6 2. e4 Bg7 3. Nf3 d6 4. Be2 Nf6 5. Nbd2 0-0 6. 0-0 Nc6 7. c3 e5 8. dxe5 Nxe5 9. Nxe5 dxe5 10. a4 Bh6 11. Qc2 Qe7 12. a5 Rd8 13. Nc4 Bxc1 14. Rfxc1 Bd7 15. Rd1 Bb5 16. Ne3 Bc6 17. f3 Rxd1+ 18. Qxd1 Rd8 19. Qe1 Nh5 20. g3 Qg5 21. Bc4 Kg7 22. b4 a6 23. Ra2 f5 24. exf5 gxf5 25. Rd2 Rxd2 26. Qxd2 f4 27. Ng4 Nf6 28. Qd8 Kg6 29. Nxf6 Qxf6 30. Bd3+ e4 31. Bxe4+ Bxe4 32. Qe8+ Kg7 33. Qxe4 Qxc3 34. Qxf4 b6 35. Qg5+ Kf7 36. Qd5+ Ke7 37. axb6 Qe3+ 38. Kg2 cxb6 39. Qb7+ Kd6 40. Qxa6 Qd2+ 41. Kf1 Qd1+ 42. Kf2 Qd2+ 43. Qe2 Qxb4 44. Qd3+ Kc6 45. Qc2+ Kd6 46. Ke3 Ke5 47. Qc7+ Ke6 48. Qc6+ Kf7 49. Qd5+ 1-0

[Event "Ceska Trebova op 3rd"]
[Site "Ceska Trebova"]
[Date "2007.08.16"]
[Round "8"]
[White "Stocek, Jiri"]
[Black "Stryjecki, Marek"]
[Result "1-0"]
[WhiteElo "2572"]
[BlackElo "2416"]
[PlyCount "49"]
[EventDate "2007.08.10"]
[EventType "swiss"]
[EventRounds "9"]
[EventCountry "CZE"]
[SourceTitle "CBM 119 Extra"]
[Source "ChessBase"]
[SourceDate "2007.09.04"]
[SourceVersion "1"]
[SourceVersionDate "2007.09.04"]
[SourceQuality "1"]

1. e4 e5 2. f4 exf4 3. Nf3 Ne7 4. Qe2 Ng6 5. Nc3 Be7 6. d4 c6 7. Bd2 d5 8. 0-0-0 Be6 9. h4 h5 10. exd5 cxd5 11. Ng5 Bxg5 12. hxg5 Nc6 13. Rxh5 0-0 14. g3 Nxd4 15. Qf2 Bg4 16. Rh1 Bxd1 17. Nxd1 Nc6 18. gxf4 f5 19. Ne3 Qd6 20. Qh2 Nce7 21. Bd3 Qxf4 22. Qh7+ Kf7 23. Nxf5 Nxf5 24. Bxf4 Rh8 25. Qxh8 1-0

[Event "Ceska Trebova op 3rd"]
[Site "Ceska Trebova"]
[Date "2007.08.13"]
[Round "5"]
[White "Folkova, Martina"]
[Black "Stryjecki, Marek"]
[Result "0-1"]
[WhiteElo "2195"]
[BlackElo "2416"]
[PlyCount "78"]
[EventDate "2007.08.10"]
[EventType "swiss"]
[EventRounds "9"]
[EventCountry "CZE"]
[SourceTitle "CBM 119 Extra"]
[Source "ChessBase"]
[SourceDate "2007.09.04"]
[SourceVersion "1"]
[SourceVersionDate "2007.09.04"]
[SourceQuality "1"]

1. e4 g6 2. d4 Bg7 3. Nc3 a6 4. f4 b5 5. Nf3 Bb7 6. Bd3 d6 7. Ne2 Nd7 8. 0-0 Ngf6 9. Ng3 e5 10. c3 exd4 11. cxd4 0-0 12. a4 c5 13. axb5 axb5 14. Rxa8 Bxa8 15. e5 Nd5 16. Ng5 c4 17. Bb1 dxe5 18. fxe5 Qb6 19. Kh1 f5 20. Nxf5 gxf5 21. Bxf5 Rxf5 22. Rxf5 Qg6 23. Rf1 h6 24. Nf3 Nf8 25. Qe2 Ne7 26. Nh4 Qe4 27. Qf2 Bd5 28. Qg3 Kh7 29. Be3 Nfg6 30. Nxg6 Nxg6 31. Ra1 Nh4 32. Rg1 Nf5 33. Qf4 Qd3 34. Bf2 b4 35. Re1 c3 36. bxc3 bxc3 37. e6 Bxe6 38. Bg1 Bd5 39. Rf1 Nxd4 0-1

[Event "Warsaw AIG Life rapid 6th"]
[Site "Warsaw"]
[Date "2006.12.17"]
[Round "10"]
[White "Schwarz, Dusan"]
[Black "Stryjecki, Marek"]
[Result "0-1"]
[WhiteElo "2275"]
[BlackElo "2423"]
[PlyCount "112"]
[EventDate "2006.12.16"]
[EventType "swiss (rapid)"]
[EventRounds "13"]
[EventCountry "POL"]
[SourceTitle "CBM 115 Extra"]
[Source "ChessBase"]
[SourceDate "2007.01.10"]
[SourceVersion "1"]
[SourceVersionDate "2007.01.10"]
[SourceQuality "1"]

1. Nf3 g6 2. c4 Bg7 3. e4 d6 4. d4 e5 5. Nc3 Nc6 6. Bg5 f6 7. Be3 Nh6 8. h3 0-0 9. Be2 f5 10. d5 Ne7 11. Qc2 f4 12. Bd2 Nf7 13. h4 c5 14. 0-0-0 Bd7 15. Rdg1 Bh6 16. g3 Kh8 17. gxf4 exf4 18. Bf1 Ng8 19. Ne2 Ne5 20. Nxe5 dxe5 21. f3 Nf6 22. Bc3 Qe7 23. Bh3 Bxh3 24. Rxh3 Bg7 25. b3 Nh5 26. Rhh1 Bf6 27. Rg4 Rfe8 28. Qb2 Kg7 29. Kb1 Kf7 30. Rh2 b6 31. a4 a6 32. Be1 Rad8 33. Rg1 Rb8 34. Nc3 Red8 35. d6 Qxd6 36. Nd5 b5 37. axb5 axb5 38. cxb5 Rxb5 39. Qc3 Rdb8 40. Rb2 Ng7 41. Qc4 Ne6 42. Bc3 Bxh4 43. Rh1 g5 44. Kc2 Kg6 45. Ra1 Bf2 46. Ra7 R8b7 47. Rxb7 Rxb7 48. Qf1 Nd4+ 49. Kb1 Be3 50. Qh3 Qd7 51. Qf1 Ra7 52. Qc4 Qb5 53. Nxe3 fxe3 54. Qg8+ Rg7 55. Qd5 Qf1+ 56. Ka2 Ra7+ 0-1

[Event "Warsaw AIG Life rapid 6th"]
[Site "Warsaw"]
[Date "2006.12.16"]
[Round "4"]
[White "Stryjecki, Marek"]
[Black "Zhigalko, Andrey"]
[Result "1/2-1/2"]
[WhiteElo "2423"]
[BlackElo "2532"]
[PlyCount "103"]
[EventDate "2006.12.16"]
[EventType "swiss (rapid)"]
[EventRounds "13"]
[EventCountry "POL"]
[SourceTitle "CBM 115 Extra"]
[Source "ChessBase"]
[SourceDate "2007.01.10"]
[SourceVersion "1"]
[SourceVersionDate "2007.01.10"]
[SourceQuality "1"]

1. g3 e5 2. c4 Nf6 3. Bg2 Nc6 4. Nc3 Bc5 5. e3 d5 6. cxd5 Nb4 7. d3 Nbxd5 8. Nxd5 Nxd5 9. a3 0-0 10. b4 Bb6 11. Nf3 f6 12. 0-0 Be6 13. Bb2 c6 14. e4 Nc7 15. d4 exd4 16. Nxd4 Bd7 17. Qb3+ Kh8 18. Rfe1 Re8 19. Rad1 Qe7 20. h3 Rad8 21. Kh2 Bc8 22. f4 Ne6 23. Nf5 Qf8 24. Qc2 g6 25. Nh4 Nd4 26. Qc3 Rd7 27. Nf3 Red8 28. Nxd4 Bxd4 29. Rxd4 Rxd4 30. e5 Rd3 31. Qc1 Be6 32. exf6 Bf7 33. Re7 Kg8 34. Bc3 R8d7 35. Qe1 Rd1 36. Qe5 a6 37. h4 Qd8 38. f5 R1d3 39. fxg6 hxg6 40. h5 R3d5 41. Rxd7 Qxd7 42. Bxd5 Qxd5 43. Qxd5 cxd5 44. h6 g5 45. Bd2 g4 46. Kg2 Kh7 47. Kf2 Kg6 48. Bg5 d4 49. Ke1 Bc4 50. Kd2 Kh7 51. Bf4 Kg6 52. Be5 1/2-1/2

[Event "Warsaw AIG Life rapid"]
[Site "Warsaw"]
[Date "2005.12.18"]
[Round "12"]
[White "Kempinski, Robert"]
[Black "Stryjecki, Marek"]
[Result "0-1"]
[WhiteElo "2619"]
[BlackElo "2420"]
[PlyCount "122"]
[EventDate "2005.12.17"]
[EventType "swiss (rapid)"]
[EventRounds "13"]
[EventCountry "POL"]
[SourceTitle "CBM 110 Extra"]
[Source "ChessBase"]
[SourceDate "2006.03.10"]
[SourceVersion "2"]
[SourceVersionDate "2006.03.10"]
[SourceQuality "1"]

1. d4 g6 2. c4 Bg7 3. g3 d6 4. Bg2 e5 5. dxe5 dxe5 6. Qxd8+ Kxd8 7. Nc3 c6 8. b3 Be6 9. Ba3 Nd7 10. 0-0-0 Kc7 11. Nf3 f6 12. Bd6+ Kc8 13. Nd2 Nh6 14. Nde4 Nf7 15. Ba3 Bf8 16. Bxf8 Rxf8 17. Nd6+ Kc7 18. Nxf7 Rxf7 19. Rd2 Rd8 20. Rhd1 Rff8 21. Rd6 Bg8 22. f4 exf4 23. gxf4 Nc5 24. Rxd8 Rxd8 25. Rxd8 Kxd8 26. Kd2 a5 27. Ke3 Ke7 28. Bh3 Kd6 29. Kd4 Be6 30. Bg2 Bg4 31. e4 Ne6+ 32. Ke3 Nc5 33. Kd4 Ne6+ 34. Ke3 Nc5 35. h3 Bc8 36. h4 h6 37. Bf3 Bh3 38. Kd4 Ne6+ 39. Ke3 Nc5 40. Bd1 Ke7 41. a3 g5 42. fxg5 fxg5 43. hxg5 hxg5 44. Kd4 Nd7 45. c5 Kf6 46. e5+ Kf5 47. Bc2+ Ke6 48. Ne4 g4 49. Ng5+ Ke7 50. Bf5 Bg2 51. Bxg4 Bd5 52. b4 axb4 53. axb4 b5 54. Nh3 Nb8 55. Nf4 Bh1 56. e6 Na6 57. Ke5 Nxb4 58. Ng6+ Ke8 59. Kd6 Nd5 60. e7 Nf6 61. Bf5 Be4 0-1

[Event "Warsaw AIG Life rapid"]
[Site "Warsaw"]
[Date "2005.12.18"]
[Round "11"]
[White "Stryjecki, Marek"]
[Black "Dziuba, Marcin"]
[Result "1-0"]
[WhiteElo "2420"]
[BlackElo "2494"]
[PlyCount "125"]
[EventDate "2005.12.17"]
[EventType "swiss (rapid)"]
[EventRounds "13"]
[EventCountry "POL"]
[SourceTitle "CBM 110 Extra"]
[Source "ChessBase"]
[SourceDate "2006.03.10"]
[SourceVersion "2"]
[SourceVersionDate "2006.03.10"]
[SourceQuality "1"]

1. c4 c6 2. Nc3 d5 3. e3 Nf6 4. Nf3 e6 5. Qc2 Nbd7 6. d4 Bd6 7. Bd2 0-0 8. 0-0-0 Qe7 9. Kb1 dxc4 10. Bxc4 b5 11. Bd3 e5 12. Ng5 h6 13. Nge4 Bb7 14. Nxd6 Qxd6 15. Ne4 Qe7 16. Nxf6+ Nxf6 17. dxe5 Ng4 18. f4 Nf2 19. Bb4 Qxb4 20. Qxf2 c5 21. Qd2 Qa4 22. Bc2 Be4 23. Bxe4 Qxe4+ 24. Ka1 Rfd8 25. Qxd8+ Rxd8 26. Rxd8+ Kh7 27. Rhd1 Qxe3 28. g3 c4 29. R8d2 a5 30. Rc2 Qe4 31. Rcc1 a4 32. a3 Kg6 33. Rd6+ Kf5 34. Rd7 Kg6 35. Ka2 h5 36. Rc3 Qg2 37. h3 Qe4 38. Rd6+ Kf5 39. Rd8 h4 40. Rd7 Kg6 41. g4 Qxf4 42. Rd5 Qe4 43. Rxb5 Qd4 44. Ra5 Kh6 45. Ra6+ Kg5 46. e6 f6 47. Rxa4 Qe4 48. Ra5+ Kg6 49. Ra6 Kh6 50. Rb6 g6 51. a4 f5 52. gxf5 gxf5 53. e7+ Kg5 54. Rb7 f4 55. a5 Qc6 56. Rc7 Qb5 57. Rc5+ Qxc5 58. e8Q Qxa5+ 59. Ra3 Qd5 60. Qe7+ Kf5 61. Qh7+ Kg5 62. Qg7+ Kf5 63. Qc3 1-0

[Event "Warsaw AIG Life rapid"]
[Site "Warsaw"]
[Date "2005.12.17"]
[Round "7"]
[White "Stryjecki, Marek"]
[Black "Olejarczyk, Bogdan"]
[Result "1-0"]
[WhiteElo "2420"]
[BlackElo "2197"]
[PlyCount "55"]
[EventDate "2005.12.17"]
[EventType "swiss (rapid)"]
[EventRounds "13"]
[EventCountry "POL"]
[SourceTitle "CBM 110 Extra"]
[Source "ChessBase"]
[SourceDate "2006.03.10"]
[SourceVersion "2"]
[SourceVersionDate "2006.03.10"]
[SourceQuality "1"]

1. d4 d5 2. Nf3 Nf6 3. Bf4 Bf5 4. e3 e6 5. c4 c6 6. Nc3 Nbd7 7. Nh4 Bg4 8. Qb3 Nh5 9. Bg3 Nxg3 10. hxg3 Qb6 11. f3 Bh5 12. g4 Bg6 13. Nxg6 fxg6 14. Qc2 Kf7 15. Bd3 Kg8 16. 0-0-0 Be7 17. Rh3 c5 18. cxd5 cxd4 19. exd4 Qxd4 20. Kb1 Qe5 21. dxe6 Nc5 22. Bc4 a6 23. Nd5 Kf8 24. f4 Qd6 25. Qxg6 Nxe6 26. Qf5+ Bf6 27. g5 Nxf4 28. Qxf4 1-0

[Event "Warsaw AIG Life rapid"]
[Site "Warsaw"]
[Date "2005.12.17"]
[Round "5"]
[White "Stryjecki, Marek"]
[Black "Strzemiecki, Zbigniew"]
[Result "1-0"]
[WhiteElo "2420"]
[BlackElo "2219"]
[PlyCount "101"]
[EventDate "2005.12.17"]
[EventType "swiss (rapid)"]
[EventRounds "13"]
[EventCountry "POL"]
[SourceTitle "CBM 110 Extra"]
[Source "ChessBase"]
[SourceDate "2006.03.10"]
[SourceVersion "2"]
[SourceVersionDate "2006.03.10"]
[SourceQuality "1"]

1. c4 e6 2. Nf3 f5 3. b3 Nf6 4. Bb2 b6 5. g3 Bb7 6. Bg2 Be7 7. 0-0 0-0 8. d3 d6 9. Nbd2 e5 10. e3 Qe8 11. Rc1 Nbd7 12. a3 Qh5 13. b4 Rae8 14. Nh4 Bxg2 15. Kxg2 Qxd1 16. Rfxd1 g6 17. Nhf3 e4 18. Ne1 exd3 19. Nxd3 Ne4 20. Nb3 Bf6 21. Nd4 Ne5 22. Rc2 Nxd3 23. Rxd3 a6 24. h4 Bg7 25. Nc6 Bxb2 26. Rxb2 Re6 27. a4 Nf6 28. Rc2 Nd7 29. Ra3 Ne5 30. Nd4 Re7 31. c5 dxc5 32. bxc5 Rf6 33. Rb3 Kf7 34. Rbc3 h6 35. cxb6 cxb6 36. Rc8 Kg7 37. Ra8 a5 38. Rcc8 Nf7 39. Rab8 g5 40. h5 f4 41. exf4 Rd7 42. fxg5 hxg5 43. Nf3 Rd3 44. Nh2 Rd4 45. f3 Rxa4 46. Ng4 Ra2+ 47. Kh3 Re6 48. Rb7 Ra3 49. h6+ Rxh6+ 50. Nxh6 Rxf3 51. Nxf7 1-0

[Event "Ostroda Warmia & Mazury op"]
[Site "Ostroda"]
[Date "2005.08.09"]
[Round "5"]
[White "Walach, Marcin"]
[Black "Stryjecki, Marek"]
[Result "1-0"]
[WhiteElo "2367"]
[BlackElo "2418"]
[PlyCount "50"]
[EventDate "2005.08.06"]
[EventType "swiss"]
[EventRounds "9"]
[EventCountry "POL"]
[SourceTitle "CBM 107 Extra"]
[Source "ChessBase"]
[SourceDate "2005.09.01"]
[SourceVersion "1"]
[SourceVersionDate "2005.09.01"]
[SourceQuality "1"]

1. e4 e6 2. d4 d5 3. Nc3 Nf6 4. e5 Nfd7 5. f4 c5 6. Nf3 Nc6 7. Be3 a6 8. Qd2 b5 9. dxc5 Bxc5 10. Bxc5 Nxc5 11. Bd3 Qb6 12. Ne2 b4 13. Ned4 Nxd4 14. Nxd4 a5 15. Qe3 Ba6 16. 0-0 g6 17. g4 Rc8 18. f5 Nxd3 19. cxd3 gxf5 20. gxf5 Rg8+ 21. Kh1 Rg4 22. fxe6 Bxd3 23. exf7+ Ke7 24. Qxd3 Qxd4 25. Qxh7 Rf8 1-0

[Event "Dos Hermanas Internet f 6th"]
[Site "ICC INT"]
[Date "2005.03.26"]
[Round "1.4"]
[White "Harikrishna, Pentala"]
[Black "Stryjecki, Marek"]
[Result "0-1"]
[WhiteElo "2632"]
[BlackElo "2409"]
[PlyCount "80"]
[EventDate "2005.03.11"]
[EventType "k.o."]
[EventRounds "5"]
[EventCountry "ESP"]
[SourceTitle "CBM 105 Extra"]
[Source "ChessBase"]
[SourceDate "2005.05.01"]
[SourceVersion "1"]
[SourceVersionDate "2005.05.01"]
[SourceQuality "1"]

1. Nf3 g6 2. g3 Bg7 3. Bg2 d6 4. 0-0 Nf6 5. d4 0-0 6. c4 Nc6 7. Nc3 a6 8. b3 Bd7 9. Nd5 Ne4 10. Bb2 f5 11. Nf4 e6 12. Qc1 Ne7 13. Nd2 Nxd2 14. Qxd2 Rb8 15. Rad1 Kh8 16. Rfe1 Qe8 17. e4 g5 18. Nxe6 Bxe6 19. d5 Bd7 20. Bxg7+ Kxg7 21. Qxg5+ Kh8 22. exf5 Rf7 23. g4 Qg8 24. Qf4 Qg7 25. Qd4 Rg8 26. Qxg7+ Rfxg7 27. h3 Nxf5 28. Kh2 Nh4 29. Be4 Rf8 30. Kg3 Ng6 31. Bxg6 hxg6 32. f4 Rgf7 33. Rd4 Kg7 34. Rde4 Kf6 35. a4 a5 36. h4 Rh8 37. Rh1 Re7 38. Rxe7 Kxe7 39. Re1+ Kf6 40. Kf3 Rxh4 0-1

[Event "Krakow op"]
[Site "Krakow"]
[Date "2004.12.30"]
[Round "4"]
[White "Barglowski, Filip"]
[Black "Stryjecki, Marek"]
[Result "1/2-1/2"]
[WhiteElo "2335"]
[BlackElo "2415"]
[PlyCount "46"]
[EventDate "2004.12.27"]
[EventType "swiss"]
[EventRounds "9"]
[EventCountry "POL"]
[SourceTitle "CBM 104 Extra"]
[Source "ChessBase"]
[SourceDate "2005.03.01"]
[SourceVersion "1"]
[SourceVersionDate "2005.03.01"]
[SourceQuality "1"]

1. e4 g6 2. d4 Bg7 3. Nf3 d6 4. Bc4 c6 5. 0-0 d5 6. exd5 cxd5 7. Bd3 Bg4 8. c3 Nc6 9. Bf4 Qb6 10. Nbd2 Rc8 11. Qb3 Bxf3 12. Nxf3 e6 13. Qxb6 axb6 14. Rfe1 Nge7 15. Re2 0-0 16. Rae1 Rfd8 17. a3 Nf5 18. h3 Nd6 19. g4 Na5 20. Be5 Nac4 21. Bxg7 Kxg7 22. Ne5 Nxe5 23. Rxe5 Nc4 1/2-1/2

[Event "Krakow op"]
[Site "Krakow"]
[Date "2004.12.27"]
[Round "1"]
[White "Stryjecki, Marek"]
[Black "Kosturkiewicz, Jacek"]
[Result "1-0"]
[WhiteElo "2415"]
[BlackElo "2163"]
[PlyCount "136"]
[EventDate "2004.12.27"]
[EventType "swiss"]
[EventRounds "9"]
[EventCountry "POL"]
[SourceTitle "CBM 104 Extra"]
[Source "ChessBase"]
[SourceDate "2005.03.01"]
[SourceVersion "1"]
[SourceVersionDate "2005.03.01"]
[SourceQuality "1"]

1. d4 Nf6 2. Bg5 e6 3. Nf3 Be7 4. c4 b6 5. Nc3 Bb7 6. e3 Ne4 7. Bxe7 Qxe7 8. Qc2 Nxc3 9. Qxc3 0-0 10. Be2 d6 11. 0-0 Nd7 12. Rfd1 f5 13. b4 a5 14. a3 axb4 15. axb4 Rxa1 16. Rxa1 Ra8 17. Rxa8+ Bxa8 18. Qa3 Bxf3 19. Bxf3 Nf6 20. Qa8+ Kf7 21. g3 Kg6 22. Kg2 h6 23. Qc6 Kf7 24. h3 e5 25. Qb7 Kg6 26. Bc6 exd4 27. exd4 Qe2 28. Qxc7 Ne4 29. Bxe4 Qxe4+ 30. Kg1 Qe1+ 31. Kg2 Qe4+ 32. Kh2 Qxd4 33. Kg1 Kh7 34. Qc6 Qd1+ 35. Kg2 Qd4 36. h4 h5 37. Qb7 Qxc4 38. Qxb6 Qe4+ 39. Kf1 Qd3+ 40. Ke1 Qc3+ 41. Ke2 Qc2+ 42. Ke3 Qc3+ 43. Ke2 Qc2+ 44. Kf1 Qd1+ 45. Kg2 f4 46. Qb7 fxg3 47. Qe4+ g6 48. Kxg3 Qb3+ 49. Kf4 Qf7+ 50. Kg3 Qb3+ 51. f3 d5 52. Qe7+ Kg8 53. Qe8+ Kh7 54. Qf7+ Kh6 55. Qf8+ Kh7 56. Qe7+ Kg8 57. Qc5 Qc4 58. Qd6 Kf7 59. Qd7+ Kf6 60. b5 Qc5 61. Qd8+ Kf7 62. Qd7+ Kf6 63. Kh3 d4 64. Qd8+ Kf7 65. b6 Qf5+ 66. Kg2 Qc2+ 67. Kg3 Qd2 68. Qd7+ Kf6 1-0